000 00657pam a2200241 a 4500
001 3840186
003 OSt
005 20160229095427.0
008 870514r1988 nyu 000 1 eng
010 _a 87013630
020 _a0451156587
_c$18.95
040 _aDLC
_cDLC
_dDLC
050 0 0 _aPR 6070.R367
_b.T794 1988
082 0 0 _aFIC
_bT72g 1988
100 1 _aTrenhaile, John.
_917920
245 1 4 _aThe gates of exquisite view /
_cJohn Trenhaile.
250 _a1st American ed.
260 _aNew York :
_bDutton,
_cc1988.
300 _a374 p. :
_c18 cm.
906 _a7
_bcbc
_corignew
_d1
_eocip
_f19
_gy-gencatlg
942 _2lcc
_cBK
999 _c10855
_d10855